01075nam a22001337a 4500008004100000020001500041082001500056100005300071245001300124260004700137300003700184505065400221650006600875181205b xxu||||| |||| 00| 0 eng d a9968997617 a708bM961m aDíaz Bringas, Tamara y Quirós, Luis Fernando aMultiple aSan José, Costa RicabTEOR/éTicac2001 a14 p.bil (col).c20,2 x 21,5 cm rHerbert Bolaños, Rolando Castellón, Sila Chanto, Rocío Con, Rolando Faba, Thomas Glassford (México), José Alberto Hernández, Gabriela Jiménez, Priscilla Monge, Rodolfo Morales, Eugenio Murillo, Arturo Papadopolo, Cecilia Paredes, Liliana Porter y alumnos del Queens College, New York: Fabian Berembaum, Heater E. Dunn, Michael's Bookmark, Takuya Fukumoto, Karen Griswold, Ioannis Haldeos, Liang Mei Huang, Lisa Kalomeris, Soo Young Lee, Peter Lifari, Hojang Liu, Jane Pinchuck, Amy Sinclair, Chris Stuber, Eunno Yoon, Joaquín Rodriguez del Paso, Guillermo Tovar, Henry Vargas, Fábrica Nacional de Trofeos.tArtistas participantes: 2Arte contemporáneovArte - exhibiciones zArte - Costa Rica